LEADER 01191nam a2200265 4500 001 000000339523 003 CaOOAMICUS 005 20200219000000.0 008 200219s2012 it 000 u ita r 020 $a978-88-400-1537-8 040 $aSeMil$bita 100 1 $aZanini, Paolo,$d<1981- >.$0(OLS)http://semarc/name/82964 245 12$a"Aria di crociata" :$bcattolici italiani di fronte alla nascita dello Stato d'Israele (1945-1951) /$cPaolo Zanini ; prefazione di Luigi Bruti Liberati. 264 1$aMilano :$bUnicopli,$c2012. 300 $a263 p. ;$c21 cm 541 0 $aFondo mons. Mario Delpini 700 1 $aBruti Liberati, Luigi.$0(OLS)http://semarc/name/64954 830 0$aPercorsi del novecento ;$v2.$0(OLS)http://semarc/title/428320 850 $aSeMil 852 $aSeMil$W1$xVenegono$y1$m3V II 320$j221200$B232809$CSeMilBibl$Z2$F232809 $81 941 1 $a7 996 $6020$a978-88-400-1537-8$9(OLS)http://semarc/number/289974 996 $6245$a"Aria di crociata" :$bcattolici italiani di fronte alla nascita dello Stato d'Israele (1945-1951)$9(OLS)http://semarc/title/428319 996 $6264$aMilano :$bUnicopli$9(OLS)http://semarc/publisher/29904 LEADER 00796nas a2200181 i 4500 001 000000029590 003 CaOOAMICUS 005 20180830125448.0 008 180830n be u0 und u 040 $aSeMil$bita 245 10$aIoannes a Iesu Maria. 260 $aBruxelles :$bÉditions Soumillion 300 $av. ;$c24 cm. 700 1 $aGiovanni : di Gesù Maria <1564-1615>.$0(OLS)http://semarc/name/13496 774 0 $tIoannes a Iesu Maria. Documenta.$dBruxelles : Éditions Soumillion, 2000.$w()29592 774 0 $tBibliografia generale di P. Giovanni di Gesù Maria O.C.D. Calaguritano, 1564-1615.$dBruxelles : Éditions Label, 2008.$w()29593 996 $6245$aIoannes a Iesu Maria$9(OLS)http://semarc/title/40207 996 $6260$aBruxelles :$bÉditions Soumillion$9(OLS)http://semarc/publisher/38153